000 00575nam a2200193Ia 4500
005 20250508160139.0
008 008 250505s9999 xx 000 0 eng d
037 _aTextual
040 _aFEDL
_beng
_cFEDL
041 _aeng
_2eng
084 _a370.15, STE
_qFEDL
100 _aStephens J.M.
_9149173
245 0 _aEducational psychology : The study of educational growth
260 _aNew York, USA
_bHenry Holt and Company
_c1951
300 _avii,692p.
650 _aEducation - Philosophy
942 _cTEXL
_h370.15, STE
999 _c1362211
_d1362211